Business education as a possible pattern of systematic staff development

Guardado en:
Detalles Bibliográficos
Autor principal: Kitová Mazalánová, Veronika
Otros Autores: Kita, Pavol, Grossmanová, Marta
Formato: Capítulo de libro
Lenguaje:inglés
Materias:
Etiquetas: Agregar Etiqueta
Sin Etiquetas, Sea el primero en etiquetar este registro!

MARC

LEADER 00000naa$a2200000$$$4500
001 0222798
005 20240502083553.1
041 0 |a eng 
044 |a PL 
245 1 0 |a Business education as a possible pattern of systematic staff development  |c Veronika Kitová Mazalánová, Pavol Kita, Marta Grossmanová 
610 2 0 |a podnik 
610 2 0 |a vzdelávanie ďalšie 
610 2 0 |a metódy 
610 2 0 |a investície nevýrobné 
610 2 0 |a rozvoj pracovníkov 
100 1 |a Kitová Mazalánová, Veronika 
700 1 |a Kita, Pavol 
700 1 |a Grossmanová, Marta